Feminist Africa. (Record no. 4093)

MARC details
000 -LEADER
fixed length control field 02694cas a2200649 i 4500
001 - CONTROL NUMBER
control field 13682544
003 - CONTROL NUMBER IDENTIFIER
control field OSt
005 - DATE AND TIME OF LATEST TRANSACTION
control field 20250206151428.0
008 - FIXED-LENGTH DATA ELEMENTS--GENERAL INFORMATION
fixed length control field 040810c20029999gh fx p 0 a0eng
010 ## - LIBRARY OF CONGRESS CONTROL NUMBER
LC control number 2004699527
016 7# - NATIONAL BIBLIOGRAPHIC AGENCY CONTROL NUMBER
Record control number 976292424
Source DE-101
016 7# - NATIONAL BIBLIOGRAPHIC AGENCY CONTROL NUMBER
Record control number 2201879-7
Source DE-600
022 ## - INTERNATIONAL STANDARD SERIAL NUMBER
International Standard Serial Number 1726-4596
ISSN-L 1726-4596
Source 0
035 ## - SYSTEM CONTROL NUMBER
System control number (OCoLC)ocm53869360
037 ## - SOURCE OF ACQUISITION
Source of stock number/acquisition Institute of African Studies, University of Ghana, Kwame Nkrumah Complex, Anne Jiagge Road, P.O. Box LG 73, Legon, Accra, Ghana
040 ## - CATALOGING SOURCE
Original cataloging agency NX@
Language of cataloging eng
Description conventions rda
Transcribing agency NX@
Modifying agency NOC
-- IUL
-- DLC
-- OCLCQ
-- DEBBG
-- GWDNB
-- OCLCQ
-- OCLCF
-- OCLCO
-- S3O
-- OCLCO
-- L2U
-- OCLCQ
-- OCLCL
-- INU
042 ## - AUTHENTICATION CODE
Authentication code pcc
043 ## - GEOGRAPHIC AREA CODE
Geographic area code f------
050 00 - LIBRARY OF CONGRESS CALL NUMBER
Classification number HQ1101
Item number .F442
082 04 - DEWEY DECIMAL CLASSIFICATION NUMBER
Classification number 302.45096005
Edition number 22
210 1# - ABBREVIATED TITLE
Abbreviated title Fem. Afr. (Print)
222 #0 - KEY TITLE
Key title Feminist Africa
Qualifying information (Print)
245 00 - TITLE STATEMENT
Title Feminist Africa.
264 #1 - PRODUCTION, PUBLICATION, DISTRIBUTION, MANUFACTURE, AND COPYRIGHT NOTICE
Place of production, publication, distribution, manufacture Rondebosch :
Name of producer, publisher, distributor, manufacturer African Gender Institute,
Date of production, publication, distribution, manufacture, or copyright notice [2002]-
264 31 - PRODUCTION, PUBLICATION, DISTRIBUTION, MANUFACTURE, AND COPYRIGHT NOTICE
Materials specified 2021- :
Place of production, publication, distribution, manufacture Legon, Accra, Ghana :
Name of producer, publisher, distributor, manufacturer Institute of African Studies, University of Ghana
300 ## - PHYSICAL DESCRIPTION
Extent volumes ;
Dimensions 21-23 cm
310 ## - CURRENT PUBLICATION FREQUENCY
Current publication frequency 2 issues a year,
Date of current publication frequency 2021-
321 ## - FORMER PUBLICATION FREQUENCY
Former publication frequency 1 to 3 issues a year,
Dates of former publication frequency 2002-2017
336 ## - CONTENT TYPE
Content type term text
Content type code txt
Source rdacontent
337 ## - MEDIA TYPE
Media type term unmediated
Media type code n
Source rdamedia
338 ## - CARRIER TYPE
Carrier type term volume
Carrier type code nc
Source rdacarrier
362 1# - DATES OF PUBLICATION AND/OR SEQUENTIAL DESIGNATION
Dates of publication and/or sequential designation Began with issue 1 (November/December 2002); suspended after issue 22 (December 2017); resumed with volume 2, issue 1 (2021).
500 ## - GENERAL NOTE
General note Each issue has also a distinctive title.
530 ## - ADDITIONAL PHYSICAL FORM AVAILABLE NOTE
Additional physical form available note Also issued online.
588 0# - SOURCE OF DESCRIPTION NOTE
Source of description note Issue 1 (November/December 2022); title from title page.
588 1# - SOURCE OF DESCRIPTION NOTE
Source of description note Volume 3, issue 1 (2022).
650 #0 - SUBJECT ADDED ENTRY--TOPICAL TERM
Topical term or geographic name as entry element Feminists
Geographic subdivision Africa
Form subdivision Periodicals.
650 #0 - SUBJECT ADDED ENTRY--TOPICAL TERM
Topical term or geographic name as entry element Feminism
Geographic subdivision Africa
Form subdivision Periodicals.
650 #0 - SUBJECT ADDED ENTRY--TOPICAL TERM
Topical term or geographic name as entry element Women
Geographic subdivision Africa
General subdivision Social conditions
Form subdivision Periodicals.
650 #7 - SUBJECT ADDED ENTRY--TOPICAL TERM
Topical term or geographic name as entry element Feminism.
Source of heading or term fast
Authority record control number (OCoLC)fst00922671
650 #7 - SUBJECT ADDED ENTRY--TOPICAL TERM
Topical term or geographic name as entry element Feminists.
Source of heading or term fast
Authority record control number (OCoLC)fst00922831
650 #7 - SUBJECT ADDED ENTRY--TOPICAL TERM
Topical term or geographic name as entry element Women
General subdivision Social conditions.
Source of heading or term fast
Authority record control number (OCoLC)fst01176947
650 #7 - SUBJECT ADDED ENTRY--TOPICAL TERM
Topical term or geographic name as entry element Feminister
Geographic subdivision Afrika
Form subdivision periodika.
Source of heading or term sao
650 #7 - SUBJECT ADDED ENTRY--TOPICAL TERM
Topical term or geographic name as entry element Feminism
Geographic subdivision Afrika
Form subdivision periodika.
Source of heading or term sao
650 #7 - SUBJECT ADDED ENTRY--TOPICAL TERM
Topical term or geographic name as entry element Kvinnor
General subdivision sociala förhållanden
Geographic subdivision Afrika
Form subdivision periodika.
Source of heading or term sao
651 #7 - SUBJECT ADDED ENTRY--GEOGRAPHIC NAME
Geographic name Africa.
Source of heading or term fast
Authority record control number (OCoLC)fst01239509
655 #7 - INDEX TERM--GENRE/FORM
Genre/form data or focus term Periodicals.
Source of term fast
Authority record control number (OCoLC)fst01411641
710 2# - ADDED ENTRY--CORPORATE NAME
Corporate name or jurisdiction name as entry element African Gender Institute,
Relator term publisher.
710 2# - ADDED ENTRY--CORPORATE NAME
Corporate name or jurisdiction name as entry element University of Ghana.
Subordinate unit Institute of African Studies,
Relator term publisher.
776 0# - ADDITIONAL PHYSICAL FORM ENTRY
Title Feminist Africa (Online)
International Standard Serial Number 1726-460X
Record control number (DLC) 2004699532
-- (OCoLC)51340898
776 08 - ADDITIONAL PHYSICAL FORM ENTRY
Relationship information Online version:
Title Feminist Africa
Record control number (OCoLC)760806469
906 ## - LOCAL DATA ELEMENT F, LDF (RLIN)
a 7
b cbc
c serials
d 2
e ncip
f 20
g n-oclcserc
942 ## - ADDED ENTRY ELEMENTS (KOHA)
Source of classification or shelving scheme Dewey Decimal Classification
Koha item type Books
Holdings
Withdrawn status Lost status Source of classification or shelving scheme Damaged status Not for loan Home library Current library Date acquired Total Checkouts Full call number Barcode Date last seen Price effective from Koha item type
    Dewey Decimal Classification     Bunge Tower Library Bunge Tower Library 02/06/2025   302.45096005 2025/0058 02/06/2025 02/06/2025 Books
LIBRARY OPENING HOURS

When the Parliament is sitting: 8.00a.m - 7.00p.m or until the house adjourns
Mondays and Fridays and when the House is on Recess:  8.00a.m - 5.00p.m
Closed on Weekends and Public Holidays

Online Public Access Catalog (OPAC)
Website: http://www.parliament.go.ke
Bunge Library: https://libraryir.parliament.go.ke
Contact: library@parliament.go.ke | Tel no: (254-2)2221291 or 2848000 Ext 5043